000 00685nam a2200253 i 4500
001 C2-0111587
003 PPAK
005 20180727103437.0
008 970625s1995 my a|||| ||||| | may d
020 _a9836241531
040 _aPPAK
_beng
_cPPAK
_erda
082 0 4 _a616.07
_223
090 0 0 _a616.07
_bROB
_dG
100 1 _aRobbins, Stanley L,
_eauthor
245 1 0 _aPatologi asas : Bahagian II
264 1 _aKuala Lumpur :
_bDewan Bahasa dan Pustaka ,
_c1995
300 _a639 pages :
_billustrations ;
_c26 cm
336 _2rdacontent
_atext
337 _2rdamedia
_aunmediated
338 _2rdacarrier
_avolume
650 1 0 _aPathology
700 _eauthor
942 _ddc
_cB
999 _c27782
_d27782